| 000 | 00646nam a2200169Ia 4500 | ||
|---|---|---|---|
| 005 | 20250728123505.0 | ||
| 008 | 250728s9999 xx 000 0 und d | ||
| 020 | _a9781403935786 | ||
| 082 |
_a947.0854 _bBIS |
||
| 100 | _aBisley, Nick | ||
| 245 | 4 | _aThe End of the Cold War and the Causes of Soviet Collapse | |
| 260 |
_bPalgrave MacMillan _c2004 |
||
| 300 | _a209 pages | ||
| 500 | _aSoviet efforts to end the Cold War were intended to help revitalise the USSR. Nick Bisley argues that in fact they had the opposite effect and contributed critically to the collapse of the Soviet state. | ||
| 650 | _aPolitical Science | ||
| 942 | _cENGLISH | ||
| 999 |
_c577623 _d577623 |
||